000 00418cam a2200181ua 4500
001 147
008 160927n1965 II |||gr||||Z||||||eng
040 _aMAIN
041 _aEnglish
100 _aBUNYAN, JOHN.
245 _aTHE PILGRIMS PROGRESS
250 _a1ST.
260 _aLONDON
_bDEAN & SONS LTD.
_c1965
300 _a246:
_c18CM.
653 _aEnglish fiction
700 _aBUNYAN, JOHN.,
_eAUTHOR.
942 _cBK
999 _c147
_d147